00738cam a2200193 a 450000500170000000800410001702000150005803500150007304000630008804100080015124501180015926000660027730000180034349000360036150400410039765000370043865000280047570000410050320211111074909.0130821s2003 ck gr 00011 spa d a9586702464 aAHR0826 LA aCO-BoUCMcSandra Palacio (modificó)bspadSandra Palacio0 aspa00aCuentos sin cuenta bantología de relatos de escritores de la generación del 50 cFabio Martínez compilador aCali (Valle del Cauca, Colombia)bUniversidad del Vallec2003 a459 páginas0 aColección artes y humanidades aIncluye referencias bibliográficas17aCuentos colombianosvColecciones27aVida cotidianavCuentos1 aMartínez, Fabiod1955-ecompilador